| 000 | 01223nam a2200289Ia 4500 | ||
|---|---|---|---|
| 003 | OSt | ||
| 005 | 20210817154003.0 | ||
| 008 | 210310s2010 ck ad gr 000 0 spa d | ||
| 020 | _a9789586486668 | ||
| 040 |
_aCO-JMCR _cCO-JMCR |
||
| 041 | 0 | _aspa | |
| 082 | 0 | 4 |
_a332.401 / _bT171t _223 |
| 100 | 1 |
_aTaraupez Chamorro, Edwin, _eautor _927564 |
|
| 245 | 1 | 0 |
_aTeoría monetaria y bancaria fundamentos / _cEdwin Tarapuez Chamorro, Carlos Alberto Rivera Bermúdez, Omar Alberto Donneys Beltrán |
| 250 | _aPrimera edición | ||
| 260 |
_aBogotá : _bEco, _c2010. |
||
| 300 |
_a399 páginas ; _c24 cm. |
||
| 490 | 0 |
_aCiencias administrativas : _aEconomía |
|
| 504 | _aBibliografía al final de cada capitulo. | ||
| 505 | 0 | _aEl dinero. -- La inflación. -- Sistema monetario internacional. -- Entidades multilaterales y regionales de crédito. -- La política financiera. -- La banca central. -- El sistema financiero colombiano. -- | |
| 650 | 1 | 4 |
_aTeoría monetaria. _94782 |
| 650 | 2 | 4 |
_aBancos centrales _939429 |
| 650 | 2 | 4 |
_aSistema monetario internacional _96486 |
| 700 | 1 |
_aRivera Bermúdez, Carlos Alberto, _eautor _939430 |
|
| 700 | 1 |
_aDonneys Beltrán, Omar Alberto, _eautor _939431 |
|
| 942 |
_2ddc _cBK |
||
| 999 |
_c12199 _d12199 |
||